000 01733cam a2200325 4500
001 ABS67073
008 030930n2003 000 0 eng u
035 _a(Sirsi) u123760
100 _aTytler, C.
245 _aMultiple occupancy: the Glasgow experience
260 _c2003
490 _aScottish Planning and Environmental Law
_v(98) August 2003, 77-79(3)
520 _aExamines the evolution of Glasgow City Council's planning policy for houses in multiple occupation (HMOs) and its relationship to environmental health matters. Glasgow City Council has been at the forefront of a corporate approach to HMOs and its experience highlights the advantages and disadvantages of the current legislative regime. Covers the history of HMOs, the need for a HMO planning policy and the policy in action and the complexities of defining HMOs. Discusses the national licensing scheme and its operation in Glasgow. Looks at the recent Scottish Executive licensing scheme consultations and draws conclusions about the future operation of the licensing scheme.
590 _aABS
650 _aENVIRONMENTAL HEALTH
650 _aCIVIC GOVERNMENT (SCOTLAND) ACT 1982
650 _aSCOTLAND
650 _aPLANNING AND COMPENSATION ACT 1991
650 _aTOWN AND COUNTRY PLANNING (USE CLASSES) (SCOTLAND) ORDER 1997
650 _aHOUSING (SCOTLAND) ACT 1966 S100
650 _aHOUSES IN MULTIPLE OCCUPATION
650 _aLICENSING OF HOUSES IN MULTIPLE OCCUPATION
650 _aCIVIC GOVERNMENT (SCOTLAND) ACT 1982 (LICENSING OF HOUSES IN MULTIPLE OCCUPATION) ORDER 2000
650 _aMULTIPLE OCCUPANCY
650 _aGLASGOW
650 _aPLANNING POLICY
690 _aHOUSING
700 _aHarold, E.
942 _n0
999 _c73488
_d73488